Clickable Adages Quiz Stats

 Plays Quiz Updated Apr 16, 2013

Also try: Anguished English
Challenge
Share
Tweet
Score 0/14 Timer 03:00
4 Plays Today
% Correct
All's
94.3%
April
92.9%
Blood
91.7%
Money
83.1%
Every
79.6%
No
77.7%
There's
75.2%
% Correct
Seek
70.6%
Dead
70.1%
The
66%
Good
65.5%
He
64.5%
You
58.4%
Close
55.4%

You're not logged in!

Compare scores with friends on all Sporcle quizzes.
Join for Free
OR
Log In

You Might Also Like...

Show Comments

Extras

Top Quizzes Today


Score Distribution

Your Account Isn't Verified!

In order to create a playlist on Sporcle, you need to verify the email address you used during registration. Go to your Sporcle Settings to finish the process.

Report this User

Report this user for behavior that violates our Community Guidelines.

Details: